Geometría diferencial /
Guardado en:
| Autor Principal: | |
|---|---|
| Otros Autores: | |
| Formato: | Libro |
| Idioma: | Spanish English |
| Publicado: |
México :
McGraw-Hill,
c1971.
|
| Series: | Schaum's outline series
|
| Materias: | |
| Etiquetas: |
Agregar Etiqueta
Sin Etiquetas, Sea el primero en etiquetar este registro!
|
| LEADER | 01084nam a22002895a 4500 | ||
|---|---|---|---|
| 001 | EIQ.libpla003383 | ||
| 008 | 071214s1971####mx#a##########001#0#spa#d | ||
| 005 | 20150619141915.0 | ||
| 245 | 1 | 0 | |a Geometría diferencial / |c por Martín M. Lipschutz ; traducción y adaptación Victor Ariza Prada. |
| 260 | |a México : |b McGraw-Hill, |c c1971. | ||
| 300 | |a 286 p. : |b il. ; |c 27,5 cm. | ||
| 490 | 1 | |a Serie de compendios Schaum | |
| 500 | |a Incluye 500 problemas resueltos. | ||
| 500 | |a Incluye índice. | ||
| 100 | 1 | |a Lipschutz, Martín M. | |
| 700 | 1 | |a Ariza Prada, Victor, |e tr. |4 trl | |
| 830 | 0 | |a Schaum's outline series | |
| 246 | 3 | |a Teoría y problemas de geometría diferencial | |
| 650 | 4 | |a Geometría diferencial |x Teoría. | |
| 650 | 4 | |a Geometría diferencial |x Problemas. | |
| 650 | 4 | |a Matemática |x Geometría diferencial. | |
| 650 | 4 | |a Geometry, Differential |x Problems. | |
| 650 | 4 | |a Geometry, Differential |x Theory. | |
| 650 | 4 | |a Mathematical |x Geometry, Differential. | |
| 040 | |a AR-BbSID |b spa |c AR-BbSID | ||
| 041 | 1 | |a spa |h eng | |
| 859 | |a AR-BbSID |b BIB. PLAPIQUI |h 516.36 |i L 669 |p 331 | ||
